Curs 1936-37 / Escola d'Administració Pública
Descripción Física:
11 p. ; 21 cm
MARC
| LEADER | 00000nam a2200000Ia 4500 | ||
|---|---|---|---|
| 001 | 9398 | ||
| 008 | 160829s1937?] xx 000 0 cat d | ||
| 080 | |a RF-6-59 | ||
| 110 | |a Escola d'Administració Pública de Catalunya |9 15494 | ||
| 245 | |a Curs 1936-37 / Escola d'Administració Pública | ||
| 260 | |a Barcelona : |b [l'Escola, |c 1937?] | ||
| 300 | |a 11 p. ; |c 21 cm | ||
| 590 | |a Abans del títol: Generalitat de Catalunya. | ||
| 650 | |a Escola d'Administració Pública de Catalunya |x Currículums |9 29017 | ||
| 710 | 1 | |a Catalunya. |b Generalitat |9 12125 | |
| 856 | 4 | |u https://media.diba.cat/diba/fitxers/arxiu/fulletons/bib_9398_1937_baixa.pdf |y Accés lliure | |
| 856 | 4 | |u https://media.diba.cat/diba/fitxers/arxiu/fulletons/bib_9398_1937_baixa.pdf |y Accés lliure | |
| 901 | |a Arxiu | ||
| 942 | |n 1 |2 udc | ||
| 952 | |0 0 |1 0 |4 0 |6 RF659 |7 1 |9 47048 |a Arxiu |b Arxiu |d 2016-12-01 |l 0 |o RF-6-59 |p 9398 |r 2016-12-01 00:00:00 |w 2016-12-01 |y ARXIU | ||
| 999 | |c 50841 |d 50841 | ||
| 900 | |a bib_9398_1937_baixa.pdf | ||